| 000 | 02318nam a22003017a 4500 | ||
|---|---|---|---|
| 005 | 20110701143244.0 | ||
| 010 | _aB-436238-242 | ||
| 020 |
_a9788182639867 _c25.00 |
||
| 035 | _aB-436238-242 | ||
| 037 | _bब्ल्यूबेरी बुक्स | ||
| 082 | _aक | ||
| 100 |
_aराधाकृष्ण, जे.एम. _931735 |
||
| 245 |
_aगोपाल किशन को गुस्सा क्यों आता है ? / _cजे.एम. राधाकृष्ण; हेनु द्वारा चित्रांकित; मधुशाला जोशी द्वारा हिंदी में अनुदित |
||
| 246 |
_aGopal Kishan ko gussa kyon aata hai ? _bby J. M. Radhakrishna |
||
| 260 |
_aनई दिल्ली _bप्रथम बुक्स _c2007 |
||
| 270 |
_bनई दिल्ली _k011-65684113 _mwww.prathambooks.org |
||
| 300 |
_a24पृ.; _c27सेमी (अजिल्द) _bसचित्र |
||
| 700 |
_aहेनु _915991 |
||
| 700 |
_aजोशी, मधुशाला _929071 |
||
| 700 | _929066 | ||
| 942 |
_2ddc _cCH _mराधाकृ _hक |
||
| 999 |
_c53519 _d53519 |
||